000 01652cam a2200301 4500500
005 20251228073410.0
041 _afre
042 _adc
100 1 0 _aKarsenti, Tiphaine
_eauthor
700 1 0 _aMendelsohn, Sophie
_eauthor
245 0 0 _aSarah Kane, 4.48 Psychose Écrire depuis la mort
260 _c2004.
500 _a58
520 _aRésumé Dans 4.48 Psychose, pièce de théâtre écrite peu avant son suicide, Sarah Kane met en scène un personnage confronté à la psychose, qui tente d’écrire et de dire à partir de la vie une mort qui a déjà eu lieu. Dans un parallèle avec la fonction de l’écriture pour Joyce telle qu’elle a été analysée par Lacan, il s’agit ici de s’interroger sur ce qu’est une écriture qui ne parvient pas à faire barrage au suicide.
520 _a4.48 Psychosis is a play written shortly before the suicide of the author, Sarah Kane, a young British woman. Only one character is left here, confronted with the sufferings of psychosis, trying to write about life invaded by death. In contrast with Joyce, whose writing was analysed by Lacan as a way of escaping madness, the point here is to investigate written work which does not prevent suicide.
690 _aéâtre
690 _aÉcriture
690 _apsychose
690 _asinthome
690 _asuicide
690 _apsychosis
690 _asinthome
690 _asuicide
690 _atheatre
690 _aWriting
786 0 _nSavoirs et clinique | 5 | 2 | 2004-10-01 | p. 19-26 | 1634-3298
856 4 1 _uhttps://shs.cairn.info/revue-savoirs-et-cliniques-2004-2-page-19?lang=fr&redirect-ssocas=7080
999 _c1595172
_d1595172